banner koha

Biocontrole de Fusarium oxysporum f. sp. cubense por Pseudomonas spp. em banana “Prata anã” (Registro n. 337775)

MARC details
000 -LÍDER
fixed length control field 04934nab a2200409 4500
003 - CÓDIGO MARC DA AGÊNCIA CATALOGADORA
Campo de controle BR-BrBNA
005 - DATA E HORA DA ÚLTIMA ATUALIZAÇÃO
Campo de controle 20250825115102.0
008 - CAMPO DE TAMANHO FIXO
fixed length control field 250825b2022 bl.tr|pooa||| 00| 0 por |
040 ## - FONTE DA CATALOGAÇÃO
Agência catalogadora BR-BrBNA
Idioma da catalogação por
072 ## - CATEGORIA AGRIS
Código AGRIS F01 ; H20
Código do objeto 3930 ; 1112
100 ## - ENTRADA PRINCIPAL - NOME PESSOAL
Nome pessoal Vieira, Lara Cristine da Silva
100 ## - ENTRADA PRINCIPAL - NOME PESSOAL
Nome pessoal Borges, Cristine Vanz
100 ## - ENTRADA PRINCIPAL - NOME PESSOAL
Nome pessoal Costa, Shirley Nascimento
100 ## - ENTRADA PRINCIPAL - NOME PESSOAL
Nome pessoal Gonçalves, Zalmar Santana
100 ## - ENTRADA PRINCIPAL - NOME PESSOAL
Nome pessoal Pereira, Bruno Laecio da Silva
100 ## - ENTRADA PRINCIPAL - NOME PESSOAL
Nome pessoal Haddad, Fernando
245 ## - TÍTULO PRINCIPAL
Título principal Biocontrole de Fusarium oxysporum f. sp. cubense por Pseudomonas spp. em banana “Prata anã”
500 ## - NOTA GERAL
Nota geral Summaries (En, Pt); 27 ref.; 2 illus.; 3 tables
942 ## - ADDED ENTRY ELEMENTS (KOHA)
Koha item type Analítica
520 ## - NOTA DE RESUMO
Nota de conteúdo Fusarium oxysporum f. sp. cubense biocontrol mediated by Pseudomonas spp. in Prata-Anã banana. The banana tree is cultivated in the main countries of the world, including Brazil. This crop presents several phytosanitary problems, especially the Fusarium wilt caused by the fungus Fusarium oxysporum f. sp. cubense (Foc). The use of microorganisms such as Pseudomonas has been an alternative for the biocontrol of phytopathogens. In order to investigate the control capacity of rhizobacteria of the genus Pseudomonasin relation to the activity of the fungus Fusarium oxysporumf. sp. cubense (Foc), two experiments were carried out under greenhouse conditions. The design was completely randomized (DIC) with three treatments, three controls and 10 replications. The treatments of the first experiment consisted of applying Pseudomonas spp. on the substrate, with the addition of Foc with and without a time interval. After inoculation period in the substrate infested by Foc and Pseudomonas, banana seedlings were planted in tubes. In the second experiment, the application interval was the same as in the pre-inoculation experiment, but Fusariumwas inoculated first and then the bacteria and then transferred to the substrate. The use of Pseudomonas in different treatments, with time intervals, was not efficient to control Foc. It was observed that the disease index was less severe in the treatment without time interval for inoculation of Fusarium and Pseudomonas, being the best treatment for the biocontrol of Fusariumin banana plants of the cultivar Prata Anã. The use of bacteria of the genus Pseudomonasspp. is an economically viable alternative to control Fusarium Wilt.<br/><br/>Keywords: biological control, banana, Panama diasease
520 ## - NOTA DE RESUMO
Nota de conteúdo A bananeira apresenta diversos problemas fitossanitários, tendo destaque a murcha de Fusarium causada pelo fungo Fusarium oxysporum f. sp. cubense (Foc). O uso de microrganismos como o Pseudomonas, tem sido uma alternativa para o biocontrole dos fitopatógenos. Com o objetivo de investigar a capacidade de controle da rizobactéria do gênero Pseudomonas em relação à atividade do fungo Fusarium oxysporum f. sp. cubense (Foc), foi realizado dois experimentos em condições de casa de vegetação. O delineamento foi inteiramente casualizados (DIC) com três tratamentos, três controles e 10 repetições. Os tratamentos do primeiro experimento consistiram em aplicar Pseudomonas spp.no substrato, com adição de Foc com e sem intervalo de tempo. Após período de inoculação no substrato infestado por Foc e Pseudomonas, realizou-se o plantio das mudas de bananeira nos tubetes. No segundo experimento, o intervalo de aplicações foi o mesmo do experimento de pré-inoculação, porém o Fusarium foi inoculado primeiro, posteriormente a bactéria e em seguida foram transferidos para o substrato. A utilização de Pseudomonas em tratamentos diferentes, com intervalo de tempo não foi eficiente para o controle do Foc. Observou-se que o índice de doença foi menos severo no tratamento sem intervalo de tempo para inoculação de Fusarium e Pseudomonas, sendo o melhor tratamento para o biocontrole do Fusarium em plantas de banana da cultivar Prata Anã. A utilização de bactérias do gênero Pseudomonas spp. é uma alternativa economicamente viável para controle da Murcha de Fusarium. <br/><br/>Palavras-chaves: controle biológico, banana, Mal-do-Panamá
650 ## - ASSUNTO - THESAGRO
Cabeçalho tópico ou nome geográfico BANANA PRATA
650 ## - ASSUNTO - THESAGRO
Cabeçalho tópico ou nome geográfico FUSARIUM OXYSPORUM
650 ## - ASSUNTO - THESAGRO
Cabeçalho tópico ou nome geográfico FUNGO
650 ## - ASSUNTO - THESAGRO
Cabeçalho tópico ou nome geográfico MANCHA DE FUSARIUM
650 ## - ASSUNTO - THESAGRO
Cabeçalho tópico ou nome geográfico MAL DO PANAMÁ
650 ## - ASSUNTO - THESAGRO
Cabeçalho tópico ou nome geográfico DOENÇA DE PLANTA
650 ## - ASSUNTO - THESAGRO
Cabeçalho tópico ou nome geográfico CONTROLE BIOLÓGICO
650 ## - ASSUNTO - THESAGRO
Cabeçalho tópico ou nome geográfico INOCULAÇÃO
650 ## - ASSUNTO - THESAGRO
Cabeçalho tópico ou nome geográfico PSEUDOMONAS SPP
650 ## - ASSUNTO - THESAGRO
Cabeçalho tópico ou nome geográfico BACTÉRIA
650 ## - ASSUNTO - THESAGRO
Cabeçalho tópico ou nome geográfico CASA DE VEGETAÇÃO
650 ## - ASSUNTO - THESAGRO
Cabeçalho tópico ou nome geográfico ESTUFA
773 0# - ENTRADA ANALÍTICA
Host Biblionumber 4944
Registro do item 346131
Imprenta Universidade Federal de Tocantins. Centro de Monitoramento Ambiental e Manejo do Fogo 2010
Outro identificador 2024-6779
Título Journal of Biotechnology and Biodiversity (Brazil)
ISSN 2179-4804
Colação v. 10(1) p. 84-93; (2022)
Número de controle de registro BE2025002077
856 ## - ACESSO E ENDEREÇO ELETRÔNICO
Identificador uniforme de recurso - URI https://sistemas.uft.edu.br/periodicos/index.php/JBB/article/view/13335/19941

Nenhum exemplar disponível.

BINAGRI

Telefone: (61)3218-2567/2388/3357/2097 - binagri@agro.gov.br

Ministério da Agricultura e Pecuária , Esplanada dos Ministérios, Bloco D, Anexo B, Brasília/DF, CEP: 70.043-900